| 000 | 00478nam a2200193Ia 4500 | ||
|---|---|---|---|
| 003 | LK-CoDNM | ||
| 005 | 20241211112950.0 | ||
| 008 | 010623t1971 xxu||||| |||| 00| 1 eng d | ||
| 040 |
_aLK-CoDNM _dLK-CoDNM _eLK-CoDNM |
||
| 041 | _aeng | ||
| 080 | _a954.8717/18 | ||
| 100 | _aMendis, V.L.B | ||
| 245 | _aThe Advent Of The British To Ceylon 1762-1803 | ||
| 260 |
_bTisara _aDehiwala _c1971 |
||
| 300 | _b226p. ; 22 cm | ||
| 650 | _aHistory | ||
| 650 | _a1971 | ||
| 942 | _cBK | ||
| 999 |
_c108479 _d108479 |
||